000
00238nam a2200097Ia 4500
005
20251222114359.0
008
251222s1900||||xx |||||||||||||| ||spa||
082
_a
DVD0070/A42/2002
245
0
_a
La noche del crimen:People I Know
942
_c
DVD
999
_c
1557
_d
1557